000 00320 a2200145 4500
001 184439
020 _a84-294-3421-6
040 _cMagnum
100 _aBécquer, Gustavo Adolfo
240 1 0 _aLa cruz del diablo
_lpor
245 1 0 _aLa cruz del diablo
300 _a39
697 _aLITERATURA ESPANHOLA
942 _cBK
999 _c184439
_d184439